How Do You Obtain These SAB Brainrots? - Statistics

General Stats
  • This quiz has been taken 3 times
  • The average score is 8 of 22
Answer Stats
Brainrot Answer % Correct
Gobblino Uniciclino Turkey Event
100%
Donkeyturbo Express North Pole Event
67%
Urubini Flamenguini Admin Abuse/Backrooms/Tsunami LTM
33%
Horegini Boom Aura Farm Boat
33%
Lumaca Malefica Backrooms Event
33%
Money Money Man Brainrot Dealer/Trader
33%
Pirulitoita Bicicleteira Brainrot Dealer/Trader
33%
Pengolino Nuvoletto Divine Fuse
33%
Astrolero Cervalero Divine Fuse
33%
Quackini Snackini Eggrot Hunt Event
33%
Foxini Lanternini Eid Event
33%
Rang Ring Bus Indonesia Pole
33%
Cloverat Clapat Lucky Pot Event
33%
Bunito Bunito Spinito New Years Event
33%
Tukanno Bananno OG Fuse Machine
33%
Corn Corn Corn Sahur Piñata
33%
Spongini Quackini Remade OG Fuse Machine
33%
Cachorrito Melonito Track
33%
Pot Pumpkin Trick or Treat Event
33%
Snailenzo Witch Fuse
33%
Magi Ribbitini Witch Fuse
33%
La Vacca Jacko Linterino Witching Hour Event
33%
No matching quizzes found
Score Distribution
Percent of People with Each Score
Percentile by Number Answered
Your Score History
You have not taken this quiz